000 00590nam a2200229Ia 4500
003 OSt
005 20220928121009.0
006 a|||||r|||| 00| 0
007 ta
008 220927b |||||||| |||| 00| 0 eng d
024 _a29249
037 _cTextual
040 _aSDCL
_cSDCL
_beng
041 _2eng
_aeng
082 _aX9OaY, L5
100 _aSteiner George A
_9451451
245 0 _aBusiness and society
260 _aNew York
_b Random House
_c1975
300 _axii,611p
_ccm.
942 _hX9OaY, L5
_cTEXL
_2CC
999 _c765507
_d765507